NEST - a new web based teaching tool for engineering surveying (Record no. 116201)

MARC details
000 -LEADER
fixed length control field 01407cad a22002415a 4500
001 - CONTROL NUMBER
control field L160084
008 - FIXED-LENGTH DATA ELEMENTS--GENERAL INFORMATION
fixed length control field 120529s2010 xxk g 000 0 eng d
035 ## - SYSTEM CONTROL NUMBER
System control number (Sirsi) u160084
041 0# - LANGUAGE CODE
Language code of text/sound track or separate title eng
110 ## - MAIN ENTRY--CORPORATE NAME
Corporate name or jurisdiction name as entry element Federation International Des Geometres
111 2# - MAIN ENTRY--MEETING NAME
Meeting name or jurisdiction name as entry element FIG Working Week 2010
Number [OBSOLETE] Sydney, Australia
Location of meeting 11-16 April 2010
245 00 - TITLE STATEMENT
Title NEST - a new web based teaching tool for engineering surveying
Remainder of title Nottingham e-learning Surveying Tool
Medium [electronic resource]
260 ## - PUBLICATION, DISTRIBUTION, ETC.
Place of publication, distribution, etc. Sydney
Name of publisher, distributor, etc. FIG
Date of publication, distribution, etc. 2010
520 ## - SUMMARY, ETC.
Summary, etc. A project at the University of Nottingham developed a new generation of teaching material, based over the internet, using photos, animation, interaction and text to teach students the basic operations of specific surveying equipment. This paper details this software, including first hand experiences in implementing it with a class of 150 first year civil engineering degree students.
650 24 - SUBJECT ADDED ENTRY--TOPICAL TERM
Topical term or geographic name entry element TRAINING AND EDUCATION
650 24 - SUBJECT ADDED ENTRY--TOPICAL TERM
Topical term or geographic name entry element SURVEYING
651 #4 - SUBJECT ADDED ENTRY--GEOGRAPHIC NAME
Geographic name United Kingdom
700 1# - ADDED ENTRY--PERSONAL NAME
Personal name Roberts, Gethin Wyn
700 1# - ADDED ENTRY--PERSONAL NAME
Personal name Gray, Joshua
856 40 - ELECTRONIC LOCATION AND ACCESS
Uniform Resource Identifier <a href="https://www.rics.org/Global/Downloads/NEST__A_New_Web_Based_Teaching_Tool_for_Engineering_Surveying.pdf">https://www.rics.org/Global/Downloads/NEST__A_New_Web_Based_Teaching_Tool_for_Engineering_Surveying.pdf</a>
Public note View the paper free of charge at www.rics.org
856 40 - ELECTRONIC LOCATION AND ACCESS
Uniform Resource Identifier <a href="https://fig.net/resources/proceedings/fig_proceedings/fig2010/ppt/ts07g/ts07g_roberts_grey_ppt_4451.pdf">https://fig.net/resources/proceedings/fig_proceedings/fig2010/ppt/ts07g/ts07g_roberts_grey_ppt_4451.pdf</a>
Public note View the presentation free of charge at www.fig.net
942 ## - ADDED ENTRY ELEMENTS (KOHA)
Suppress in OPAC 0
Holdings
Withdrawn status Lost status Source of classification or shelving scheme Damaged status Not for loan Home library Current library Shelving location Date acquired Total Checkouts Full call number Barcode Date last seen Copy number Price effective from Koha item type
    Dewey Decimal Classification     Virtual Virtual Online 22/05/2018   ONLINE PUBLICATION 160084-2001 06/08/2019 1 06/08/2019 Book